000 01102naa a22003017a 4500
001 BR9210861
003 BR-BrBNA
005 20250721155420.0
007 ta
008 250630b bl.|||m| |||| 00| 0 por d
040 _aBR-BrBNA
_bpor
_cBiblioteca Nacional de Agricultura
041 _a(Pt)
072 _aH20
_b2320
_b4120
_b3875
_bG514
090 _aH20 BR9210861
100 1 _aDuarte, M. de L.R.
100 1 _aAlbuquerque, F.C. de
111 1 _a1. Simposio do Tropico Umido
_cBelem, PA (Brazil)
_d12-17 Nov 1984
245 1 _aSecamento dos ramos da pimenta-do-reino
500 _aAnais do 1. Simposio do Tropico Umido Brasilia, DF (Brasil): 1986. p. 383-394 [46 ref.; Summaries (En, Pt)] (BR9210861-AMS)
773 0 _tAnais do 1. Simposio do Tropico Umido
_b
_wH20 BR9210861
_gBrasilia, DF (Brasil), 1986. p. 383-394
650 _aPIMENTA DO REINO
650 _aFUNGO
650 _aFUNGICIDA
650 _aVARIEDADE RESISTENTE
490 _aDocumentos - Centro de Pesquisa Agropecuaria do Tropico Umido (Brazil)
_vno.36
942 _cAMS
_2AGRIS
909 _a202506
_bLúcia
_c55
_dLúcia Elande
999 _c336370
_d336370